[Event "XVII Profigaia Open 2017"]
[Site "Gaia"]
[Date "2017.06.16"]
[Round "4"]
[White "Andrade, Ricardo Sarmento"]
[Black "Pinto, Pedro"]
[Result "1-0"]
[WhiteElo "1754"]
[BlackElo "1410"]
[Annotator "NA RC"]
[PlyCount "81"]
[EventDate "2017.??.??"]
[EventType "swiss"]
[EventCountry "POR"]
[SourceTitle "playchess.com"]
[Source "ChessBase"]
[SourceQuality "1"]
[TimeControl "5400+30"]

1. Nf3 {[%emt 0:10:28]} g6 {[%emt 0:00:21]} 2. c4 {[%emt 0:00:51]} c5 {[%emt 0:00:19]} 3. Nc3 {[%emt 0:00:27]} Bg7 {[%emt 0:00:29]} 4. g3 {[%emt 0:00:24]} Nf6 {[%emt 0:00:50]} 5. Bg2 {[%emt 0:00:41]} Nc6 {[%emt 0:00:35]} 6. d4 {[%emt 0:00:48]} cxd4 {[%emt 0:05:33]} 7. Nxd4 {[%emt 0:00:10]} Qb6 {[%emt 0:00:32]} 8. Nxc6 {[%emt 0:03:46]} dxc6 {[%emt 0:01:20]} 9. Qc2 {[%emt 0:02:45]} O-O {[%emt 0:03:04]} 10. Rb1 {[%emt 0:02:51]} Qb4 {[%emt 0:06:16]} 11. Qa4 {[%emt 0:04:17]} Qxa4 {[%emt 0:01:11]} 12. Nxa4 {[%emt 0:00:53]} Bf5 {[%emt 0:01:45]} 13. Ra1 {[%emt 0:00:08]} Ng4 {[%emt 0:02:51]} 14. O-O {[%emt 0:15:49]} Ne5 {[%emt 0:04:24]} 15. c5 {[%emt 0:00:24]} Bc2 {[%emt 0:05:33]} 16. Nc3 {[%emt 0:01:54]} Nd7 {[%emt 0:01:17]} 17. Be3 {[%emt 0:00:41]} Bxc3 {[%emt 0:01:17]} 18. bxc3 {[%emt 0:00:02]} Rfd8 {[%emt 0:01:11]} 19. Rac1 {[%emt 0:02:59]} Bf5 {[%emt 0:01:50]} 20. f4 {[%emt 0:01:55]} a5 {[%emt 0:03:12]} 21. Bd4 {[%emt 0:04:24]} Bg4 {[%emt 0:03:03]} 22. e4 {[%emt 0:02:31]} a4 {[%emt 0:01:29]} 23. Rb1 {[%emt 0:16:26]} Be2 {[%emt 0:03:07]} 24. Rf2 {[%emt 0:00:42]} Bb5 {[%emt 0:00:33]} 25. Bf1 {[%emt 0:06:20]} Bxf1 {[%emt 0:01:50]} 26. Kxf1 {[%emt 0:00:10]} Ra5 {[%emt 0:00:04]} 27. Rxb7 {[%emt 0:01:05]} Nxc5 {[%emt 0:00:07]} 28. Rxe7 {[%emt 0:01:08]} Kf8 {[%emt 0:00:13]} 29. Bxc5 {[%emt 0:01:30]} Rxc5 {[%emt 0:00:17]} 30. Ra7 {[%emt 0:00:20]} Rc4 {[%emt 0:00:23]} 31. Rb2 {[%emt 0:05:28]} Kg7 {[%emt 0:02:47]} 32. Rbb7 {[%emt 0:00:40]} Rf8 {[%emt 0:00:11]} 33. e5 {[%emt 0:01:19]} Rxc3 {[%emt 0:03:01]} 34. Rxa4 {[%emt 0:00:36]} Rc1+ {[%emt 0:00:25]} 35. Kg2 {[%emt 0:00:14]} Rc2+ {[%emt 0:02:22]} 36. Kf3 {[%emt 0:03:54]} Rxh2 {[%emt 0:00:45]} 37. Raa7 {[%emt 0:00:03]} Kg8 {[%emt 0:00:56]} 38. Rc7 {[%emt 0:00:27]} Rc2 {[%emt 0:00:22]} 39. e6 {[%emt 0:00:36]} fxe6 {[%emt 0:01:27]} 40. Rg7+ {[%emt 0:00:07]} Kh8 {[%emt 0:00:10]} 41. Rxh7+ {[%emt 0:00:04]} 1-0

[Event "XVII Profigaia Open 2017"]
[Site "Gaia"]
[Date "2017.06.16"]
[Round "4"]
[White "Pipiras, Filipa Fortuna"]
[Black "Da Silva Junior, Antonio Gomes"]
[Result "1-0"]
[WhiteElo "1641"]
[BlackElo "1846"]
[Annotator "NA RC"]
[PlyCount "39"]
[EventDate "2017.??.??"]
[EventType "swiss"]
[EventCountry "POR"]
[SourceTitle "playchess.com"]
[Source "ChessBase"]
[SourceQuality "1"]
[TimeControl "5400+30"]

{[%evp 8,38,56,42,40,27,32767,11,26,-17,-18,-9,-6,-16,-4,-20,-8,-18,-33,-31,-20,-14,3,-54,-70,-82,-62,-71,129,133,133,139,29999]} 1. e4 {[%emt 0:03:36]} e5 {[%emt 0:00:10]} 2. Nf3 {[%emt 0:00:29]} Nc6 {[%emt 0:01:21]} 3. Bb5 {[%emt 0:00:48]} d6 {[%emt 0:01:40]} 4. d4 {[%emt 0:01:31]} Bd7 {[%emt 0:10:42]} 5. O-O {[%emt 0:04:20]} (5. d5 $5 {[%cal Rd5c6]} Nce7 6. Qd3 $14) 5... Nf6 {[%emt 0:05:48]} 6. Nc3 {[%emt 0:00:39]} a6 {[%emt 0:03:00] [#]} 7. Bc4 {[%emt 0:01:12] C66: Ruy Lopez: Steinitz Defence} (7. Bxc6 $1 $16 Bxc6 8. dxe5 Nxe4 (8... dxe5 9. Nxe5 Qxd1 10. Rxd1 Rd8 11. Rxd8+ {1-0 (11) Sanchez,M (2358)-Almeida,N (2000) ICCF email 2007}) 9. Nxe4 Bxe4 10. Ng5) 7... Bg4 {[%emt 0:09:18]} 8. d5 {[%emt 0:08:02]} Nd4 $1 {[%emt 0:03:50]} 9. Be2 {[%emt 0:00:19]} Nxe2+ $146 {[%emt 0:00:51]} ({Predecessor:} 9... Be7 10. Nxd4 exd4 11. Bxg4 dxc3 12. bxc3 Nxe4 13. Bb2 O-O 14. Bf5 Nf6 {1-0 (70) Todev,S (1468)-Arshinkova,B (1279) Sofia 2016}) 10. Qxe2 {[%emt 0:00:11]} Be7 {[%emt 0:01:57]} 11. h3 {[%emt 0:00:33]} Bh5 {[%emt 0:02:28]} 12. Qd3 {[%emt 0:00:30]} O-O {[%emt 0:02:03]} 13. Ne2 {[%emt 0:03:07]} Bg6 {[%emt 0:05:39]} 14. Ng3 {[%emt 0:00:33]} h6 {[%emt 0:01:15]} 15. Nh4 {[%emt 0:07:57] [#]} Bxe4 $1 {[%emt 0:06:28]} 16. Nxe4 {[%emt 0:00:39]} Nxe4 {[%emt 0:00:29]} 17. Nf5 {[%emt 0:01:10] [#]} Ng5 $2 {[%emt 0:05:38] [#]} (17... Nc5 $1 $17 {[%cal Rc5d3]} 18. Qg3 Bg5) 18. h4 $1 {[%emt 0:01:23]} Nh7 {[%emt 0:05:54]} 19. Qg3 Kh8 $2 {[%emt 0:01:47]} (19... g6 $16) 20. Qxg7# {[%emt 0:05:15]} 1-0

[Event "XVII Profigaia Open 2017"]
[Site "Gaia"]
[Date "2017.06.16"]
[Round "4"]
[White "Freitas, Ruben Manuel"]
[Black "Andrade Sandoval, Jim Carlos"]
[Result "1/2-1/2"]
[WhiteElo "1636"]
[BlackElo "1971"]
[Annotator "NA RC"]
[PlyCount "65"]
[EventDate "2017.??.??"]
[EventType "swiss"]
[EventCountry "POR"]
[SourceTitle "playchess.com"]
[Source "ChessBase"]
[SourceQuality "1"]
[TimeControl "5400+30"]

{[%evp 12,65,44,35,51,12,22,11,22,16,32767,14,14,7,32767,16,21,24,33,32,32767,32767,32767,32767,32767,0,0,0,16,0,12,10,11,10,10,9,12,8,58,65,32767,32767,32767,32767,32767,61,84,40,50,19,26,25,27,0,31,0]} 1. e4 {[%emt 0:00:14]} c5 {[%emt 0:00:04]} 2. Nf3 {[%emt 0:00:16]} e6 {[%emt 0:00:05]} 3. d4 {[%emt 0:00:05]} cxd4 {[%emt 0:00:03]} 4. Nxd4 {[%emt 0:00:20]} Nc6 {[%emt 0:00:07]} 5. a3 {[%emt 0:00:19]} Qc7 {[%emt 0:09:12]} 6. Nc3 {[%emt 0:00:41]} a6 {[%emt 0:00:11]} 7. Be3 {[%emt 0:00:09]} Nf6 {[%emt 0:06:51]} 8. Be2 {[%emt 0:03:28]} Be7 {[%emt 0:05:41]} 9. O-O {[%emt 0:00:14] LiveBook: 71 Games} O-O {[%emt 0:09:09]} 10. f4 {[%emt 0:09:25] B48: Sicilian: Taimanov: 5 Nc3 Qc7 6 Be3 a6 without Be2} d5 {[%emt 0:00:14]} (10... d6 11. Kh1 Nxd4 12. Bxd4 e5 13. Bg1 b5 14. Bf3 Bb7 15. f5 Rac8 16. Qe1 Rfe8 17. Rd1 d5 18. exd5 e4 19. Nxe4 Bxd5 20. Bd4 Nxe4 21. Bxe4 Bf6 22. Bxf6 Bxe4 23. Qh4 gxf6 24. Rf4 Qxc2 25. Rg4+ Kf8 26. Re1 {0-1 (26) Jobava,B (2734)-Nisipeanu,L (2648) Burgas 2012}) 11. e5 {[%emt 0:04:24]} Nd7 {[%emt 0:00:03]} 12. Qe1 {[%emt 0:12:13]} Bc5 {[%emt 0:24:49]} 13. Qf2 {[%emt 0:01:52]} Nxd4 {[%emt 0:15:10]} 14. Bxd4 {[%emt 0:00:18]} Qb6 $146 {[%emt 0:01:17]} ({Predecessor:} 14... b5 15. Bd3 Bb7 16. Ne2 g6 17. b4 {1-0 (38) Mostowik,D (1763)-Kele,K (1980) LSS email 2013}) 15. Bxc5 {[%emt 0:01:44]} Qxc5 {[%emt 0:00:06]} 16. Qxc5 {[%emt 0:00:19]} Nxc5 {[%emt 0:00:06]} 17. Bd3 {[%emt 0:00:12]} Bd7 {[%emt 0:04:17]} 18. Rac1 {[%emt 0:13:16]} Rac8 {[%emt 0:04:40]} 19. g3 {[%emt 0:19:38]} Rfd8 {[%emt 0:03:31]} 20. b4 {[%emt 0:07:32]} d4 {[%emt 0:02:41]} 21. Ne2 {[%emt 0:03:49]} Nxd3 {[%emt 0:00:37]} 22. cxd3 {[%emt 0:00:09]} Bb5 {[%emt 0:00:20]} 23. Rxc8 {[%emt 0:00:58]} Rxc8 {[%emt 0:00:04]} 24. Rc1 {[%emt 0:00:01]} Rd8 {[%emt 0:07:33]} 25. Nxd4 $1 {[%emt 0:02:09]} Bxd3 {[%emt 0:00:08]} 26. Kf2 {[%emt 0:00:05]} Be4 {[%emt 0:01:24]} 27. Ke3 {[%emt 0:00:01]} Bd5 {[%emt 0:00:21]} 28. Rc7 {[%emt 0:01:53]} Kf8 {[%emt 0:00:17]} 29. g4 {[%emt 0:02:08]} Ke8 {[%emt 0:00:50]} 30. f5 {[%emt 0:02:44]} Rd7 $1 {[%emt 0:00:07]} 31. Rc8+ {[%emt 0:03:36]} Rd8 {[%emt 0:00:05]} 32. Rc7 {[%emt 0:00:41]} Rd7 {[%emt 0:00:04]} 33. Rc8+ $11 1/2-1/2

[Event "XVII Profigaia Open 2017"]
[Site "Gaia"]
[Date "2017.06.16"]
[Round "4"]
[White "Brandao, Alvaro Sousa"]
[Black "Duarte, Duarte"]
[Result "0-1"]
[WhiteElo "1605"]
[BlackElo "1916"]
[Annotator "NA RC"]
[PlyCount "80"]
[EventDate "2017.??.??"]
[EventType "swiss"]
[EventCountry "POR"]
[SourceTitle "playchess.com"]
[Source "ChessBase"]
[SourceQuality "1"]
[TimeControl "5400+30"]

{[%evp 8,80,-10,-9,-18,-20,-12,-27,-20,-16,-22,-166,-163,-161,32767,-170,32767,-163,-150,-142,-147,-195,-183,-202,-183,-187,-185,-189,-196,-177,-185,-258,-279,32767,-296,-307,-325,-335,-349,-328,-360,-556,-661,-744,32767,-537,-324,-305,-333,32767,-405,-459,-518,-761,-595,-640,-658,-668,-579,-476,32767,-657,32767,-1057,-1802,-2187,-2732,-29983,-9551,-3421,-3727,-29994,-29995,-29995,-29996]} 1. d4 {[%emt 0:00:00]} e6 {[%emt 0:10:31]} 2. a3 {[%emt 0:01:33] A40: Unusual replies to 1 d4} (2. Bf4 Nf6 3. e3 d5 4. c4 Bd6 5. Bxd6 cxd6 6. Nc3 dxc4 7. Bxc4 O-O 8. Nf3 a6 9. O-O b5 10. Bd3 Bb7 11. Qe2 Nbd7 12. a4 {1-0 (44) Karjakin,S (2783)-Meier,G (2630) chess.com INT 2017}) 2... Nf6 {[%emt 0:00:23]} 3. Nc3 {[%emt 0:00:03]} d5 {[%emt 0:00:15]} 4. Bf4 {[%emt 0:00:01]} c5 {[%emt 0:04:58]} 5. e3 {[%emt 0:01:46]} a6 {[%emt 0:00:13]} 6. Nf3 {[%emt 0:00:51] LiveBook: 21 Games} Nc6 {[%emt 0:00:11]} 7. Be2 {[%emt 0:05:00]} Be7 {[%emt 0:00:08]} 8. O-O {[%emt 0:01:50]} Nh5 {[%emt 0:01:06]} 9. Ne5 $2 $146 {[%emt 0:01:38]} (9. dxc5 $11 {and White is okay.} Nxf4 10. exf4) ({Predecessor:} 9. Bg3 Nxg3 10. hxg3 cxd4 11. Nxd4 O-O 12. Nxc6 bxc6 {0-1 (68) Ilic,I (2055)-Schulz,M (2245) Vienna 2009}) 9... Nxf4 {[%emt 0:00:34]} 10. exf4 {[%emt 0:00:13]} Nxd4 {[%emt 0:01:56]} 11. Bg4 {[%emt 0:05:44]} O-O {[%emt 0:01:26]} 12. g3 {[%emt 0:10:33]} Qc7 {[%emt 0:02:49]} 13. Ne2 {[%emt 0:09:47]} Nc6 {[%emt 0:00:56]} 14. Nf3 {[%emt 0:01:24]} b5 {[%emt 0:00:45]} 15. h4 {[%emt 0:01:01]} h6 {[%emt 0:10:56]} 16. c3 {[%emt 0:02:05]} a5 {[%emt 0:01:52]} 17. Qc2 {[%emt 0:04:15]} Ba6 {[%emt 0:04:46]} 18. Rfe1 {[%emt 0:02:30]} b4 {[%emt 0:01:31]} 19. cxb4 {[%emt 0:03:01]} (19. axb4 $142 axb4 20. Nd2) 19... axb4 {[%emt 0:01:42]} 20. a4 {[%emt 0:01:36]} c4 {[%emt 0:02:01]} 21. Ned4 {[%emt 0:03:44]} Bf6 {[%emt 0:13:42]} 22. Nxe6 {[%emt 0:04:13]} fxe6 {[%emt 0:11:19]} 23. Bxe6+ {[%emt 0:00:13]} Kh8 {[%emt 0:00:05]} 24. Qg6 {[%emt 0:00:30]} (24. Ng5 $142 Bxg5 25. hxg5) 24... Ne7 {[%emt 0:00:36]} 25. Qh5 {[%emt 0:02:43]} Bc8 {[%emt 0:03:25]} 26. Ng5 {[%emt 0:05:15]} Bxe6 {[%emt 0:05:51]} 27. Nxe6 {[%emt 0:00:22]} Qd7 {[%emt 0:00:17]} 28. Nxf8 {[%emt 0:01:11]} Rxf8 {[%emt 0:00:09]} 29. Re2 {[%emt 0:02:54]} d4 {[%emt 0:04:22]} 30. Rc2 {[%emt 0:02:59]} Rc8 {[%emt 0:03:19]} 31. Qb5 {[%emt 0:02:48]} Qxb5 {[%emt 0:00:47]} 32. axb5 {[%emt 0:00:01]} b3 {[%emt 0:01:54]} 33. Rcc1 {[%emt 0:02:47]} c3 {[%emt 0:00:15]} 34. b6 {[%emt 0:00:49]} Rb8 {[%emt 0:01:56]} 35. Ra6 {[%emt 0:03:54]} c2 {[%emt 0:00:37]} 36. Rca1 {[%emt 0:01:46]} d3 {[%emt 0:01:01]} 37. Ra8 {[%emt 0:00:12]} Nc6 {[%emt 0:00:09]} 38. b7 {[%emt 0:01:51]} d2 {[%emt 0:00:35]} 39. R1a6 {[%emt 0:03:53]} d1=Q+ {[%emt 0:01:07]} 40. Kh2 {[%emt 0:00:11]} c1=Q {[%emt 0:00:48]} 0-1

[Event "XVII Profigaia Open 2017"]
[Site "Gaia"]
[Date "2017.06.16"]
[Round "4"]
[White "Silva, Pedro Gil Ferreira "]
[Black "Marques Montolio, Luis"]
[Result "1-0"]
[WhiteElo "1592"]
[BlackElo "1596"]
[Annotator "NA RC"]
[PlyCount "33"]
[EventDate "2017.??.??"]
[EventType "swiss"]
[EventCountry "POR"]
[SourceTitle "playchess.com"]
[Source "ChessBase"]
[SourceQuality "1"]
[TimeControl "5400+30"]

1. e4 {[%emt 0:00:00]} e5 {[%emt 0:02:53]} 2. Nf3 {[%emt 0:00:41]} Nf6 {[%emt 0:00:54]} 3. Nxe5 {[%emt 0:02:03]} Qe7 {[%emt 0:01:33]} 4. Nf3 {[%emt 0:02:56]} Qxe4+ {[%emt 0:01:54]} 5. Be2 {[%emt 0:01:01]} Bc5 {[%emt 0:01:12]} 6. Nc3 {[%emt 0:00:50]} Qe7 {[%emt 0:01:20]} 7. d4 {[%emt 0:01:30]} Bb6 {[%emt 0:03:24]} 8. O-O {[%emt 0:06:00]} O-O {[%emt 0:01:20]} 9. Re1 {[%emt 0:02:18]} d6 {[%emt 0:04:18]} 10. Bc4 {[%emt 0:02:29]} Qd8 {[%emt 0:01:17]} 11. Bg5 {[%emt 0:04:24]} Bg4 {[%emt 0:02:32]} 12. Nd5 {[%emt 0:18:33]} h6 {[%emt 0:10:46]} 13. Nxf6+ {[%emt 0:00:09]} gxf6 {[%emt 0:01:03]} 14. Bxh6 {[%emt 0:00:04]} Re8 {[%emt 0:00:39]} 15. Rxe8+ {[%emt 0:01:48]} Qxe8 {[%emt 0:00:08]} 16. Qd3 {[%emt 0:01:14]} Nc6 {[%emt 0:07:11]} 17. Qg6+ {[%emt 0:06:02]} 1-0

[Event "XVII Profigaia Open 2017"]
[Site "Gaia"]
[Date "2017.06.16"]
[Round "4"]
[White "Marinho, Antonio Pedro"]
[Black "Moura, Paulo Jorge Alves B"]
[Result "1-0"]
[WhiteElo "1574"]
[BlackElo "1913"]
[Annotator "NA RC"]
[PlyCount "47"]
[EventDate "2017.??.??"]
[EventType "swiss"]
[EventCountry "POR"]
[SourceTitle "playchess.com"]
[Source "ChessBase"]
[SourceQuality "1"]
[TimeControl "5400+30"]

{[%evp 8,47,33,32767,-11,-23,-22,-21,-24,32767,32767,32767,-21,32767,32767,32767,32767,32767,32767,32767,32767,-14,777,814,1308,1430,1225,32767,1250,1334,1253,32767,1378,1690,2032,29985,29995,29996,29996,29993,29993,29994]} 1. e4 {[%emt 0:00:00]} c5 {[%emt 0:03:10]} 2. Nc3 {[%emt 0:00:00]} Nc6 {[%emt 0:00:29]} 3. f4 {[%emt 0:00:06]} e6 {[%emt 0:01:33]} 4. Nf3 {[%emt 0:00:07]} d6 {[%emt 0:04:52]} 5. Bc4 {[%emt 0:00:45]} Nge7 {[%emt 0:01:45]} 6. d3 {[%emt 0:01:38]} g6 {[%emt 0:02:19]} 7. O-O {[%emt 0:00:05]} Bg7 {[%emt 0:00:46]} 8. Qe1 {[%emt 0:00:17]} O-O {[%emt 0:01:07]} 9. f5 {[%emt 0:00:13]} d5 {[%emt 0:04:08] LiveBook: 77 Games} 10. Bb3 {[%emt 0:00:26]} Nd4 {[%emt 0:02:23] B23: Closed Sicilian: Lines without g3} (10... c4 11. f6 Bxf6 12. dxc4 d4 13. e5 Nxe5 14. Nxe5 Bxe5 15. Qxe5 Nc6 16. Qg3 dxc3 17. bxc3 e5 18. Bh6 {0-1 (40) Najer,E (2658)-Riazantsev,A (2646) Moscow 2015}) 11. Nxd4 {[%emt 0:02:41]} Bxd4+ {[%emt 0:01:37]} 12. Be3 $146 {[%emt 0:00:19]} ({Predecessor:} 12. Kh1 c4 13. dxc4 dxc4 14. Bxc4 exf5 15. Bg5 Qc7 16. Bb3 Bg7 17. Qh4 Re8 18. Rae1 {1-0 (29) Geller,J (2437)-Kosov,A (2280) Moscow 2002}) 12... Bxe3+ {[%emt 0:01:06]} 13. Qxe3 {[%emt 0:00:16]} d4 {[%emt 0:02:08]} 14. Qh6 $1 {[%emt 0:00:19]} dxc3 $4 {[%emt 0:02:03]} (14... exf5 $11 15. Na4 Kh8) 15. f6 {[%emt 0:00:11]} Nf5 {[%emt 0:03:48] [#]} 16. Rxf5 $1 {[%emt 0:00:26]} Qd4+ {[%emt 0:04:40]} 17. Kh1 {[%emt 0:00:02]} Qxf6 {[%emt 0:01:34]} 18. Rxf6 {[%emt 0:00:02]} cxb2 {[%emt 0:00:25]} 19. Rb1 {[%emt 0:00:06]} b6 {[%emt 0:01:24]} 20. Rxb2 {[%emt 0:00:02]} Rd8 {[%emt 0:00:57]} 21. Rb1 {[%emt 0:00:08]} Ba6 {[%emt 0:01:47]} 22. Rbf1 {[%emt 0:00:03]} Rd7 {[%emt 0:00:31] [#]} 23. Rxf7 $3 {[%emt 0:00:15]} Rxf7 {[%emt 0:01:28]} 24. Bxe6 {[%emt 0:00:02]} 1-0

[Event "XVII Profigaia Open 2017"]
[Site "Gaia"]
[Date "2017.06.16"]
[Round "4"]
[White "Sa, Luis Afonso"]
[Black "Santos, Ricardo"]
[Result "0-1"]
[WhiteElo "1537"]
[BlackElo "2088"]
[Annotator "NA RC"]
[PlyCount "98"]
[EventDate "2017.??.??"]
[EventType "swiss"]
[EventCountry "POR"]
[SourceTitle "playchess.com"]
[Source "ChessBase"]
[SourceQuality "1"]
[TimeControl "5400+30"]

{[%evp 9,97,15,34,22,44,32767,32767,32767,32767,41,32767,32767,32767,34,21,17,34,41,70,7,32767,-26,0,-179,-176,-199,-187,-203,-229,-204,-222,-249,-153,-147,-151,-152,-148,-274,-275,-295,-219,-177,-174,-194,-186,-185,-161,-172,-189,-184,-200,-177,-102,-104,-17,-33,-8,-21,209,-164,-157,-170,-161,-162,-125,-135,32767,-131,32767,-197,-297,-321,-240,-462,-218,-281,-365,-307,-304,-391,-387,-459,-2261,-311,-29974,-5443,-29974,-29977,-29978,-29978]} 1. Nf3 Nf6 {[%emt 0:00:12]} 2. g3 {[%emt 0:00:00]} g6 {[%emt 0:00:03]} 3. Bg2 {[%emt 0:00:00]} Bg7 {[%emt 0:00:04]} 4. O-O {[%emt 0:00:00]} O-O {[%emt 0:00:02]} 5. d4 {[%emt 0:00:04]} d6 {[%emt 0:00:05]} 6. c4 {[%emt 0:00:13]} Nbd7 {[%emt 0:00:48] LiveBook: 5181 Games} 7. Nc3 {[%emt 0:00:09]} e5 {[%emt 0:00:20]} 8. e4 {[%emt 0:01:46]} Re8 {[%emt 0:00:39]} 9. d5 {[%emt 0:00:49]} Nc5 {[%emt 0:00:47]} 10. Re1 {[%emt 0:00:20] E68: King's Indian: Fianchetto: 6...Nbd7 7 0-0 e5 8 e4} (10. Ne1 a5 11. Nd3 b6 12. Nxc5 dxc5 13. Bg5 h6 14. Bxf6 Bxf6 15. h4 Be7 16. Kh2 Qd7 17. Qa4 Qxa4 18. Nxa4 g5 19. hxg5 hxg5 20. Rh1 {½-½ (47) Zude,E (2408)-Amin,B (2660) Sharjah 2017}) 10... a5 {[%emt 0:00:10]} 11. Qc2 {[%emt 0:02:22]} c6 $146 {[%emt 0:06:09]} ({Predecessor:} 11... Nh5 12. h3 Bd7 13. Bg5 Qc8 14. Kh2 h6 15. Be3 Na6 16. Rac1 f5 17. Qd2 f4 18. gxf4 exf4 {½-½ (35) Pelaez,H (1785)-Hernandez,S (1929) La Dorada 2016}) 12. Be3 {[%emt 0:02:04]} Na6 {[%emt 0:00:25]} 13. Qb3 {[%emt 0:04:22]} Nd7 {[%emt 0:02:29]} 14. Na4 {[%emt 0:04:13]} (14. Rad1 $14) 14... Rb8 {[%emt 0:04:00]} 15. Ba7 {[%emt 0:03:27]} b5 {[%emt 0:00:22]} 16. Bxb8 $2 {[%emt 0:00:29]} ({Don't blunder} 16. dxc6 $2 bxa4 17. Qxa4 Ra8 $19) (16. Nc3 $1 $11 bxc4 17. Qxc4 cxd5 18. Qxd5 Rxb2 19. Qxd6) 16... bxa4 {[%emt 0:00:13]} 17. Qxa4 {[%emt 0:00:14]} Ndxb8 {[%emt 0:01:21]} 18. Red1 {[%emt 0:06:31]} Nc5 {[%emt 0:00:25]} 19. Qc2 {[%emt 0:00:09]} cxd5 {[%emt 0:00:17]} 20. cxd5 {[%emt 0:00:55]} Bd7 {[%emt 0:00:46]} 21. Nd2 {[%emt 0:00:47]} Nba6 {[%emt 0:00:40]} 22. Nc4 {[%emt 0:03:49]} Bb5 {[%emt 0:02:06]} 23. a4 {[%emt 0:02:23]} (23. b3 $17) 23... Nb4 {[%emt 0:00:20]} 24. Qc3 {[%emt 0:02:54]} Nxa4 {[%emt 0:04:16]} 25. Rxa4 {[%emt 0:01:36]} Bxa4 {[%emt 0:00:12]} 26. Ra1 {[%emt 0:00:09]} Bb5 {[%emt 0:03:27]} 27. Nxa5 {[%emt 0:05:48] [#]} Na6 $1 {[%emt 0:02:26]} 28. Nc6 {[%emt 0:02:52]} Qb6 {[%emt 0:04:26]} 29. Qa5 {[%emt 0:01:48]} Qxa5 {[%emt 0:00:41]} 30. Rxa5 {[%emt 0:06:11]} Bxc6 {[%emt 0:00:40]} (30... Nc7 $19 31. Bf1 Bxf1 32. Kxf1 f5) 31. dxc6 {[%emt 0:00:15] [#]} Nb4 {[%emt 0:15:23]} (31... Ra8 $1 $17 32. Rb5 Bf6) 32. c7 {[%emt 0:02:02]} Rc8 {[%emt 0:00:07]} 33. Ra7 {[%emt 0:00:30]} f5 $2 {[%emt 0:00:21]} (33... Bf8 $11) 34. Rb7 $4 {[%emt 0:01:41]} (34. exf5 $18 Na6 35. Rxa6 Rxc7 36. Bd5+ Kf8 37. fxg6 (37. Rxd6 gxf5 38. b4 Ke7 $16) 37... hxg6 38. Rxd6) 34... Na6 {[%emt 0:00:32]} 35. exf5 {[%emt 0:00:13]} Rxc7 {[%emt 0:02:19]} 36. fxg6 {[%emt 0:00:17]} Rxb7 {[%emt 0:02:20]} 37. gxh7+ {[%emt 0:00:19]} Kxh7 {[%emt 0:00:06]} 38. Bxb7 {[%emt 0:00:28]} Nb4 {[%emt 0:00:41]} 39. f4 {[%emt 0:01:40]} (39. h4 $17) 39... exf4 {[%emt 0:00:38]} 40. gxf4 {[%emt 0:00:17]} Bxb2 {[%emt 0:00:06]} 41. Kf1 {[%emt 0:02:11]} Kg6 {[%emt 0:00:24]} 42. Ke2 {[%emt 0:00:22]} Bc1 {[%emt 0:00:59]} 43. Kf3 {[%emt 0:00:37]} Kf6 {[%emt 0:00:32]} 44. h4 {[%emt 0:00:20]} (44. Be4 {is a better defense.}) 44... Nd3 {[%emt 0:00:15]} 45. f5 {[%emt 0:00:49]} Nc5 {[%emt 0:01:13]} 46. Be4 {[%emt 0:00:52]} Nxe4 {[%emt 0:05:43]} 47. Kxe4 {[%emt 0:00:10]} Bd2 {[%emt 0:00:15]} (47... Ba3 $19 48. Kf4 d5) 48. Kd3 {[%emt 0:02:46]} Be1 {[%emt 0:00:19]} 49. h5 {[%emt 0:02:48]} Kxf5 {[%emt 0:00:09]} 0-1